Slovenska glasba 1848 - 1918

Bibliographic Details
Main Author: Koter, Darja (Author)
Format: Book
Language:Slovenian
PhysicalDescription:387 s. faks., fotogr., noty, portréty 24 cm
Published: Ljubljana Študentska založba 2012
ISBN:9789612425593
Series:Knjižna zbirka Koda
Subjects:

MARC

LEADER 00000cam a2200000 a 4500
001 vtls011590571
003 SK-MaSNL
005 20260301041905.0
008 240318s2012 xv haocf n 001 0dslv
020 |a 9789612425593  |q (viazané) 
040 |a SNK  |b slo  |c SNK  |e AACR2 
041 0 |a slv 
043 |a e-xv--- 
044 |a xv  |c SI 
072 7 |a 78.01  |x Muzikológia. Dejiny hudby  |2 konspekt 
080 |a 78(091)  |2 2011 
080 |a 78:061.2  |2 2011 
080 |a (497.4)  |2 2011 
080 |a (048.8)  |2 2011 
100 1 |a Koter, Darja  |4 aut  |9 344297 
245 1 0 |a Slovenska glasba  |b 1848 - 1918  |c Darja Koter 
260 |a Ljubljana  |b Študentska založba  |c 2012 
300 |a 387 s.  |b faks., fotogr., noty, portréty  |c 24 cm 
490 1 |a Knjižna zbirka Koda 
504 |a Bibliografia: s. 369-371 ; menný register 
648 7 |a 19.-20. stor.  |2 SNKPH  |9 268609 
648 7 |a 19th-20th century  |2 SNKPHeng  |9 288420 
648 7 |a 1848-1918  |2 SNKPH  |9 344298 
650 0 7 |a dejiny hudby  |2 SNKPH  |9 3387 
650 0 7 |a Music history  |2 SNKPHeng  |9 265675 
650 0 7 |a hudobné spoločnosti  |2 SNKPH  |9 26309 
650 0 7 |a Music societies  |2 SNKPHeng  |9 344299 
651 7 |a Slovinsko  |2 SNKPH  |9 18915 
651 7 |a Slovenia  |2 SNKPHeng  |9 302697 
655 7 |a monografie  |2 SNKPH  |9 70139 
655 7 |a Monographs  |2 SNKPHeng  |9 120675 
752 |a Slovinsko  |d Ľubľana 
830 0 |a Knjižna zbirka Koda  |9 344300 
919 |a 978-961-242-559-3 
958 |a TL 
958 |a NB 
958 |a SI 
958 |a BX 
999 |c 589608  |d 591538 
952 |a SNK  |b SNK  |y VYP  |7 0  |p 17A1249842  |o snkIC 142154/1848-1918  |i snk2016/27329  |8 2  |g 26.48  |0 0  |1 0  |4 0  |d 2016-11-03  |l 0  |r 2026-02-23 15:20:32  |w 2026-02-23